00372 2200145 4500245006200000020001800062250001100080100001900091650003300110005001900143260003100162041001400193084001000207336000900217 aMelejitkan Potensi Yang TersembunyicSelvanus MontehText a9786022777250 aCet. 1 aSelvanus Monte aMotivasi & Pengembangan Diri a20240903070523 aBandungbYrama Widyac2016 aIndonesia a153.9 atext